5 największych miast w województwie Kujawsko-Pomorskim - Statystyki

Ogólne statystyki
  • Ten quiz został rozwiązany 30 razy
  • Średni wynik to 5 z 5
Statystyki odpowiedzi
Hint Odpowiedź % Poprawnych
1 Bydgoszcz
100%
2 Toruń
100%
3 Włocławek
93%
5 Inowrocław
89%
4 Grudziądz
85%
Nie znaleziono quizów pasujących do podanych kryteriów
Rozkład punktacji
Procent ludzi z każdym wynikiem
Percentyl według liczby udzielonych odpowiedzi
Twoja historia wyników
Nie rozwiązałeś tego quizu